[Event "57th World Juniors 2018"]
[Site "Manavgat TUR"]
[Date "2018.09.10"]
[Round "6.7"]
[White "Janik, Igor"]
[Black "Vavulin, Maksim"]
[Result "0-1"]
[WhiteTitle "IM"]
[BlackTitle "IM"]
[WhiteElo "2447"]
[BlackElo "2559"]
[WhiteFideId "1159259"]
[BlackFideId "4169530"]
[EventDate "2018.09.05"]

1. d4 Nf6 2. c4 d6 3. Nf3 Nc6 4. Nc3 e5 5. g3 Bg4 6. d5 Ne7 7. Bg2 Qc8 8. h3 Bd7
9. Bg5 h6 10. Bxf6 gxf6 11. h4 h5 12. c5 Ng6 13. Rc1 Qd8 14. cxd6 cxd6 15. O-O
Bh6 16. e3 f5 17. Nd2 f4 18. Nc4 Kf8 19. exf4 Nxf4 20. gxf4 Bxf4 21. Ne2 Bxc1
22. Nxc1 Qxh4 23. Nxd6 Ke7 24. Ne4 Rag8 25. Ng3 Qf6 26. d6+ Qxd6 27. Qb3 Rg4 28.
Qxb7 Kf8 29. Qa8+ Kg7 30. Qf3 Qf6 31. Qxf6+ Kxf6 32. Bf3 Rg6 33. Kh2 h4 34. Ne4+
Ke7 35. Nc5 Bg4 36. Bh1 Rd6 37. N1b3 Rd1 38. Rxd1 Bxd1 39. Nd2 Rd8 40. Nc4 f6
41. Nb7 Rd4 42. Nba5 Ke6 43. b3 Rf4 44. Kg1 Bf3 45. Bxf3 Rxf3 46. Nd2 Rd3 47.
Nac4 f5 48. a4 e4 49. b4 Kd5 50. Ne3+ Ke5 51. Ndc4+ Kd4 52. Na5 f4 53. Nf5+ Kc3
54. Nc6 h3 55. b5 Rd5 56. Nce7 Re5 57. Kh2 Kd3 58. Nh4 Rxe7 59. Ng6 f3 60. Nxe7
e3 61. Nf5 e2 0-1

[Event "57th World Juniors 2018"]
[Site "Manavgat TUR"]
[Date "2018.09.10"]
[Round "6.8"]
[White "Batsuren, Dambasuren"]
[Black "Hakobyan, Aram"]
[Result "1/2-1/2"]
[WhiteTitle "IM"]
[BlackTitle "GM"]
[WhiteElo "2446"]
[BlackElo "2554"]
[WhiteFideId "4902920"]
[BlackFideId "13306677"]
[EventDate "2018.09.05"]

1. d4 Nf6 2. c4 g6 3. Nc3 Bg7 4. Nf3 d5 5. cxd5 Nxd5 6. e4 Nxc3 7. bxc3 c5 8. h3
O-O 9. Be2 b6 10. Be3 Bb7 11. Qd3 e6 12. O-O Nd7 13. Rad1 Nf6 14. e5 Nd5 15.
dxc5 Qc7 16. cxb6 axb6 17. Bd2 Ra3 18. Rc1 Rc8 19. Qb1 Nxc3 20. Rxc3 Rxc3 21.
Bxc3 Qxc3 22. Qxb6 Bd5 23. a4 Ra8 24. Bb5 Bxf3 25. gxf3 Bxe5 26. Qe3 Rd8 27.
Qxc3 Bxc3 28. Rc1 Ba5 29. Rc2 Rd1+ 30. Kg2 Kg7 31. Be8 Rd8 32. Bc6 Rd6 33. Be8
Kf6 34. Rc5 Bb6 35. Rc6 Rxc6 36. Bxc6 Ke5 37. Kg3 Bc7 38. Be8 Kf5+ 39. Kg2 f6
40. Bd7 Ke5 41. Bc8 Kd5 42. Bd7 f5 43. Be8 g5 44. Bd7 h6 45. Bc8 Bb6 46. Kf1 Ke5
47. Kg2 h5 48. Bd7 Kf6 49. Be8 h4 50. Bd7 Ke7 51. Bc8 Kf6 52. Bd7 e5 53. Bc8 e4
54. fxe4 fxe4 55. f3 e3 56. Kf1 Ke5 57. Ke2 Kd4 58. Bg4 Ba5 59. Bh5 Bb6 60. Bg4
Ba5 61. Bh5 Bb6 62. Bg4 Ke5 1/2-1/2

[Event "57th World Juniors 2018"]
[Site "Manavgat TUR"]
[Date "2018.09.10"]
[Round "6.9"]
[White "Sadikhov, Ulvi"]
[Black "Van Foreest, Jorden"]
[Result "0-1"]
[WhiteTitle "IM"]
[BlackTitle "GM"]
[WhiteElo "2491"]
[BlackElo "2624"]
[WhiteFideId "13401416"]
[BlackFideId "1039784"]
[EventDate "2018.09.05"]

1. e4 c5 2. Nf3 d6 3. Bb5+ Bd7 4. Bxd7+ Nxd7 5. c4 Ngf6 6. Nc3 Ne5 7. O-O e6 8.
d3 Be7 9. Nxe5 dxe5 10. f4 O-O 11. fxe5 Qd4+ 12. Kh1 Qxe5 13. Bf4 Qh5 14. Qe1
Nd7 15. e5 Nb8 16. Ne4 Nc6 17. Qg3 Kh8 18. a3 Rad8 19. Rae1 Rd7 20. Nd6 Qg6 21.
Qf2 b6 22. Re3 Nxe5 23. Bxe5 Bxd6 24. Rg3 Bxe5 25. Rxg6 hxg6 26. Qe2 Bf6 27. b3
Kg8 28. g3 Rfd8 29. Rf3 Rd4 30. h4 g5 31. hxg5 Bxg5 32. Kg2 Bf6 33. a4 a6 34.
Qf1 R8d6 35. Kh3 Rd7 36. Qe2 a5 37. Qf1 Bd8 38. Qe2 Bc7 39. Qe3 Bd6 40. Kg2 Bf8
41. Kh3 g6 42. Qe2 Bh6 43. Qe5 Bf8 44. Qb8 R4d6 45. Kg2 Kg7 46. g4 Be7 47. Kf1
Bg5 48. Ke2 e5 49. Rh3 Rd8 50. Qc7 e4 51. dxe4 Rd2+ 52. Ke1 Rd1+ 53. Kf2 R8d2+
54. Kf3 Rd3+ 55. Ke2 R1d2+ 56. Ke1 Rxh3 57. Qe5+ Bf6 0-1

[Event "57th World Juniors 2018"]
[Site "Manavgat TUR"]
[Date "2018.09.10"]
[Round "6.10"]
[White "Sargsyan, Shant"]
[Black "Karthikeyan, Murali"]
[Result "0-1"]
[WhiteTitle "IM"]
[BlackTitle "GM"]
[WhiteElo "2477"]
[BlackElo "2605"]
[WhiteFideId "13306766"]
[BlackFideId "5074452"]
[EventDate "2018.09.05"]

1. d4 Nf6 2. c4 g6 3. Nc3 Bg7 4. e4 d6 5. Nf3 O-O 6. Be2 e5 7. O-O Nc6 8. Be3
Re8 9. dxe5 dxe5 10. h3 Nh5 11. Nd5 Nf4 12. Re1 Ne6 13. Bf1 Ncd4 14. Nxd4 exd4
15. Bd2 c6 16. Nb4 Nc5 17. Qf3 d3 18. Nxd3 Nxd3 19. Bxd3 Bxb2 20. Rab1 Be5 21.
Bh6 c5 22. Bc2 Qh4 23. Be3 b6 24. Rbd1 g5 25. Ba4 g4 26. g3 Qxh3 27. Qg2 Qxg2+
28. Kxg2 Re7 29. Rd8+ Kg7 30. Bc6 Bb7 31. Rxa8 Bxc6 32. Rd8 Bc7 33. Rd5 Bxd5 34.
exd5 Kg6 35. a4 Re4 36. Rc1 h5 37. a5 f5 38. axb6 axb6 39. Rc3 h4 40. gxh4 f4
41. Bd2 Rd4 42. Rc2 f3+ 43. Kf1 Bf4 44. Ke1 Re4+ 45. Kd1 g3 46. Bxf4 g2 47. Bh2
Rxh4 0-1

[Event "57th World Juniors 2018"]
[Site "Manavgat TUR"]
[Date "2018.09.10"]
[Round "6.11"]
[White "Petrosyan, Manuel"]
[Black "Priasmoro, Novendra"]
[Result "1-0"]
[WhiteTitle "GM"]
[BlackTitle "FM"]
[WhiteElo "2581"]
[BlackElo "2498"]
[WhiteFideId "13300857"]
[BlackFideId "7105029"]
[EventDate "2018.09.05"]

1. d4 Nf6 2. c4 g6 3. g3 Bg7 4. Bg2 O-O 5. Nc3 d6 6. Nf3 Nc6 7. O-O e5 8. dxe5
dxe5 9. Bg5 Be6 10. Qc1 Qc8 11. Rd1 Nd7 12. b3 f6 13. Bh6 Rf7 14. Bxg7 Kxg7 15.
Ne1 h5 16. h4 Nd4 17. e3 Nf5 18. Nd3 Rb8 19. Qa3 a6 20. Ne4 Nh6 21. c5 Nf8 22.
c6 b6 23. Nb4 a5 24. Nd5 Nh7 25. Rac1 Bh3 26. Bh1 Qe6 27. Qa4 Kh8 28. Nec3 g5
29. Nb5 Rc8 30. Ndxc7 Rfxc7 31. Nxc7 Rxc7 32. Rd8+ Kg7 33. Qb5 gxh4 34. Qxb6 Re7
35. Qc5 hxg3 36. fxg3 Qf7 37. Bd5 Be6 38. Bxe6 Qxe6 39. Qxe7+ Qxe7 40. Rd7 Nf5
41. Rxe7+ Nxe7 42. c7 Nc8 43. Rd1 1-0

[Event "57th World Juniors 2018"]
[Site "Manavgat TUR"]
[Date "2018.09.10"]
[Round "6.12"]
[White "Tutisani, Noe"]
[Black "Liang, Awonder"]
[Result "0-1"]
[WhiteTitle "IM"]
[BlackTitle "GM"]
[WhiteElo "2471"]
[BlackElo "2575"]
[WhiteFideId "13602853"]
[BlackFideId "2056437"]
[EventDate "2018.09.05"]

1. e4 c6 2. d4 d5 3. exd5 cxd5 4. Bd3 Nc6 5. c3 Nf6 6. Bf4 Bg4 7. Qb3 Qd7 8. Nd2
e6 9. Ngf3 Bd6 10. Bxd6 Qxd6 11. O-O O-O 12. Rfe1 Bxf3 13. Nxf3 Qc7 14. Qc2 Rab8
15. Qe2 Rfc8 16. Rad1 a6 17. a4 Re8 18. h4 g6 19. g3 h5 20. Kg2 Kg7 21. Rc1 Ng4
22. Ne5 Ngxe5 23. dxe5 Rec8 24. f4 Qe7 25. Rh1 Rh8 26. c4 dxc4 27. Rxc4 Rbd8 28.
Rhc1 Rd7 29. Be4 Na5 30. R4c3 Rhd8 31. Rd3 Qb4 32. Rcd1 Qxa4 33. Rd6 Rxd6 34.
exd6 Qb4 35. d7 Nc4 36. Rd4 b5 37. Bb7 Qc5 38. Rd3 a5 39. b3 Nb6 40. Qb2+ Kg8
41. Qd2 Qc7 42. Ba6 Qc6+ 43. Kg1 Rxd7 44. Rxd7 Nxd7 45. Qxa5 Qc1+ 46. Kg2 Qc2+
47. Kh3 Qc6 48. Kh2 Nf6 0-1

[Event "57th World Juniors 2018"]
[Site "Manavgat TUR"]
[Date "2018.09.10"]
[Round "6.13"]
[White "Narayanan, S.L."]
[Black "Lorparizangeneh, Shahin"]
[Result "1-0"]
[WhiteTitle "GM"]
[BlackTitle "GM"]
[WhiteElo "2573"]
[BlackElo "2491"]
[WhiteFideId "5058422"]
[BlackFideId "12521604"]
[EventDate "2018.09.05"]

1. d4 Nf6 2. c4 e6 3. Nf3 c5 4. d5 b5 5. Bg5 b4 6. e4 d6 7. a3 Be7 8. Bd3 a5 9.
axb4 cxb4 10. c5 exd5 11. cxd6 Qxd6 12. e5 Qe6 13. O-O Nfd7 14. Re1 Bc5 15. Nbd2
Qb6 16. Bh4 Nf8 17. Nb3 Be7 18. Nbd4 Bxh4 19. Nxh4 Ng6 20. Bb5+ Kf8 21. e6 Bxe6
22. Rc1 Kg8 23. Nxe6 fxe6 24. Rc8+ Nf8 25. Qf3 Nd7 26. Rxa8 Qxb5 27. Rxe6 Qc4
28. Re1 h6 29. Ng6 1-0

[Event "57th World Juniors 2018"]
[Site "Manavgat TUR"]
[Date "2018.09.10"]
[Round "6.14"]
[White "Pichot, Alan"]
[Black "Lodici, Lorenzo"]
[Result "1/2-1/2"]
[WhiteTitle "GM"]
[BlackTitle "IM"]
[WhiteElo "2562"]
[BlackElo "2458"]
[WhiteFideId "110973"]
[BlackFideId "884189"]
[EventDate "2018.09.05"]

1. e4 e5 2. Nf3 Nc6 3. Bb5 a6 4. Ba4 Nf6 5. O-O b5 6. Bb3 Bc5 7. a4 Bb7 8. c3 d6
9. d4 Bb6 10. Re1 O-O 11. Bg5 h6 12. Bh4 exd4 13. cxd4 g5 14. Nxg5 hxg5 15. Bxg5
Nxd4 16. Bd5 Ne6 17. Bh4 Bxd5 18. exd5 Ng7 19. Qf3 Re8 20. Nc3 Rxe1+ 21. Rxe1
Bd4 22. Ne4 Nge8 23. h3 bxa4 24. Qf4 Rb8 25. Nxf6+ Bxf6 26. Rxe8+ Qxe8 27. Bxf6
Qe1+ 28. Kh2 Qb1 29. Qg4+ Qg6 30. Qh4 Qh7 31. Qg4+ 1/2-1/2

[Event "57th World Juniors 2018"]
[Site "Manavgat TUR"]
[Date "2018.09.10"]
[Round "6.15"]
[White "Bai, Jinshi"]
[Black "Raja, Harshit"]
[Result "1-0"]
[WhiteTitle "GM"]
[BlackTitle "IM"]
[WhiteElo "2556"]
[BlackElo "2419"]
[WhiteFideId "8602280"]
[BlackFideId "5089000"]
[EventDate "2018.09.05"]

1. Nf3 Nf6 2. c4 e6 3. g3 d5 4. d4 Be7 5. Bg2 O-O 6. Nc3 dxc4 7. Ne5 c5 8. dxc5
Qxd1+ 9. Nxd1 Bxc5 10. Nc3 Nc6 11. Nxc4 Nd5 12. Bd2 Rd8 13. O-O Nd4 14. Rfd1 Bd7
15. Na5 Rab8 16. Bxd5 exd5 17. Bf4 Bb6 18. Bxb8 Rxb8 19. Nb3 1-0

[Event "57th World Juniors 2018"]
[Site "Manavgat TUR"]
[Date "2018.09.10"]
[Round "6.16"]
[White "Lobanov, Sergei"]
[Black "Gorshtein, Ido"]
[Result "1-0"]
[WhiteTitle "IM"]
[BlackTitle "FM"]
[WhiteElo "2535"]
[BlackElo "2383"]
[WhiteFideId "24183750"]
[BlackFideId "2815532"]
[EventDate "2018.09.05"]

1. e4 c6 2. d4 d5 3. Nc3 dxe4 4. Nxe4 Nf6 5. Nxf6+ exf6 6. c3 Bd6 7. Bd3 O-O 8.
Qc2 Re8+ 9. Ne2 h6 10. O-O Qc7 11. h3 Be6 12. c4 Qd7 13. f4 f5 14. a3 Na6 15. g4
b5 16. b3 Qe7 17. gxf5 Bd7 18. Ng3 Qf6 19. Qf2 bxc4 20. bxc4 c5 21. Bb2 cxd4 22.
Nh5 Qe7 23. Bxd4 Bc5 24. Kh2 Qd6 25. Bxc5 Nxc5 26. Bc2 f6 27. Rg1 Re7 28. Rad1
Qb6 29. Rxg7+ Rxg7 30. Rg1 Ne6 31. Rxg7+ 1-0

[Event "57th World Juniors 2018"]
[Site "Manavgat TUR"]
[Date "2018.09.10"]
[Round "6.17"]
[White "Puranik, Abhimanyu"]
[Black "Kalogeris, Ioannis"]
[Result "1-0"]
[WhiteTitle "GM"]
[WhiteElo "2524"]
[BlackElo "2352"]
[WhiteFideId "5061245"]
[BlackFideId "4239563"]
[EventDate "2018.09.05"]

1. e4 c5 2. Nf3 e6 3. d4 cxd4 4. Nxd4 a6 5. Bd3 Qc7 6. O-O Nf6 7. c4 d6 8. Nc3
Nbd7 9. Qe2 Ne5 10. Nf3 Nxd3 11. Qxd3 Nd7 12. Rd1 Be7 13. Bf4 Ne5 14. Nxe5 dxe5
15. Be3 O-O 16. Na4 b5 17. cxb5 axb5 18. Nb6 Rb8 19. Qxb5 Qb7 20. Qxe5 Bd8 21.
Bf4 1-0

[Event "57th World Juniors 2018"]
[Site "Manavgat TUR"]
[Date "2018.09.10"]
[Round "6.18"]
[White "Agmanov, Zhandos"]
[Black "Jarmula, Lukasz"]
[Result "0-1"]
[WhiteTitle "FM"]
[BlackTitle "IM"]
[WhiteElo "2379"]
[BlackElo "2504"]
[WhiteFideId "13708309"]
[BlackFideId "1160664"]
[EventDate "2018.09.05"]

1. e4 c6 2. d4 d5 3. exd5 cxd5 4. Bd3 Nc6 5. c3 Qc7 6. Ne2 Bg4 7. O-O e6 8. Qe1
Be7 9. Nf4 g6 10. Na3 Nf6 11. f3 Bf5 12. Bxf5 gxf5 13. Be3 a6 14. Rc1 h5 15. Nc2
h4 16. Nb4 Bd6 17. Nbd3 Ne7 18. b3 b5 19. Kh1 Rc8 20. Qd2 Nh5 21. Nxh5 Rxh5 22.
Bf4 Ng6 23. Bxd6 Qxd6 24. f4 Kf8 25. Nc5 Kg7 26. Ra1 Rhh8 27. a4 Ra8 28. Ra2
Rhb8 29. g3 Rh8 30. Kg2 bxa4 31. Rxa4 Rh6 32. Raa1 Rah8 33. Rh1 a5 34. Qe3 Qb8
35. Rae1 R8h7 36. Qf3 Qh8 37. h3 hxg3 38. Qxg3 Rxh3 0-1

[Event "57th World Juniors 2018"]
[Site "Manavgat TUR"]
[Date "2018.09.10"]
[Round "6.19"]
[White "Thybo, Jesper Sondergaard"]
[Black "Kamer, Kayra"]
[Result "1-0"]
[WhiteTitle "IM"]
[WhiteElo "2499"]
[BlackElo "2205"]
[WhiteFideId "1438832"]
[BlackFideId "6367879"]
[EventDate "2018.09.05"]

1. d4 Nf6 2. c4 g6 3. Nc3 Bg7 4. e4 d6 5. Nf3 O-O 6. Be2 Bg4 7. Be3 Nfd7 8. O-O
c5 9. d5 Na6 10. Qd2 Re8 11. a3 Nc7 12. b4 Bxf3 13. Bxf3 cxb4 14. axb4 Na6 15.
Nb5 Bxa1 16. Rxa1 Nc7 17. Nxa7 Qb8 18. Qc3 b6 19. Nc6 Rxa1+ 20. Qxa1 Qa8 21. Qb2
Qa4 22. h4 Nb8 23. e5 Nxc6 24. exd6 exd6 25. dxc6 b5 26. Qf6 Rxe3 27. fxe3 Qxb4
28. Bd5 Nxd5 29. cxd5 Qc5 30. Kh2 b4 31. Qd8+ Kg7 32. c7 Qxe3 33. c8=Q Qf4+ 34.
Kh3 Qe3+ 35. g3 1-0

[Event "57th World Juniors 2018"]
[Site "Manavgat TUR"]
[Date "2018.09.10"]
[Round "6.20"]
[White "Martirosyan, Haik M."]
[Black "Muradli, Mahammad"]
[Result "0-1"]
[WhiteTitle "GM"]
[BlackTitle "IM"]
[WhiteElo "2597"]
[BlackElo "2407"]
[WhiteFideId "13306553"]
[BlackFideId "13409301"]
[EventDate "2018.09.05"]

1. d4 d5 2. c4 e6 3. Nc3 Be7 4. Nf3 Nf6 5. Bg5 h6 6. Bxf6 Bxf6 7. Rc1 O-O 8. e3
c6 9. Bd3 Nd7 10. O-O dxc4 11. Bxc4 e5 12. d5 Nb6 13. b3 Bf5 14. dxc6 bxc6 15.
e4 Bg4 16. Be2 Bxf3 17. Bxf3 Qe7 18. Qe2 Rfd8 19. Nd1 Rd6 20. Ne3 g6 21. Rc2
Rad8 22. g3 Bg5 23. Kg2 h5 24. h4 Bh6 25. Rb1 Qe6 26. a4 Rd3 27. Nd5 Nxd5 28.
exd5 R8xd5 29. Bxd5 Qxd5+ 30. Kh2 e4 31. b4 a6 32. Rc5 Qd4 33. Rb2 e3 34. fxe3
Bxe3 35. Rbc2 Bf4 36. R5c4 Bxg3+ 37. Kg2 Qd7 38. Qe4 Be5 39. Kf1 Qh3+ 40. Ke2
Rd5 41. Rxc6 Qh2+ 42. Ke3 Qg1+ 43. Ke2 Qd1+ 44. Kf2 Bd4+ 45. Kg3 Re5 46. Rxg6+
Kh7 47. Rh6+ Kxh6 48. Qf4+ Kg7 49. Rg2 Re6 50. Kh3+ Rg6 51. Rxg6+ fxg6 52. Qc7+
Kh6 53. Qf4+ Kh7 54. Qc7+ Bg7 0-1

[Event "57th World Juniors 2018"]
[Site "Manavgat TUR"]
[Date "2018.09.10"]
[Round "6.21"]
[White "Lomasov, Semyon"]
[Black "Ozer, Omer Faruk"]
[Result "1-0"]
[WhiteTitle "IM"]
[BlackTitle "IM"]
[WhiteElo "2545"]
[BlackElo "2388"]
[WhiteFideId "24164879"]
[BlackFideId "6354564"]
[EventDate "2018.09.05"]

1. e4 g6 2. d4 Bg7 3. Nc3 a6 4. Be3 b5 5. h4 Bb7 6. Bd3 h5 7. Nh3 Nh6 8. f3 d6
9. Qd2 Nc6 10. Ne2 e5 11. d5 Ne7 12. a4 bxa4 13. Ng5 c6 14. c4 Bc8 15. Nc3 c5
16. O-O O-O 17. Rxa4 Bd7 18. Ra3 Qb8 19. Rb1 f5 20. Ne2 fxe4 21. Bxe4 Nhf5 22.
Bf2 Qc7 23. Ne6 Bxe6 24. dxe6 Rab8 25. Rxa6 Qc8 26. Rxd6 Nxd6 27. Qxd6 Nf5 28.
Bxf5 gxf5 29. e7 Re8 30. Bxc5 Kf7 31. Nc3 Qe6 32. Qxe6+ Kxe6 33. Nd5 Kd7 34. b4
Kc6 35. Ne3 f4 36. Nf5 Bh8 37. Rd1 Ra8 38. Rd6+ Kb7 39. Re6 1-0

[Event "57th World Juniors 2018"]
[Site "Manavgat TUR"]
[Date "2018.09.10"]
[Round "6.22"]
[White "Lagunow, Raphael"]
[Black "Yakubboev, Nodirbek"]
[Result "1/2-1/2"]
[WhiteTitle "FM"]
[BlackTitle "IM"]
[WhiteElo "2403"]
[BlackElo "2521"]
[WhiteFideId "24652644"]
[BlackFideId "14203987"]
[EventDate "2018.09.05"]

1. Nf3 c5 2. g3 Nc6 3. Bg2 e5 4. c4 g6 5. Nc3 Bg7 6. Rb1 Nge7 7. O-O d6 8. d3
O-O 9. a3 a5 10. Bd2 h6 11. Ne1 Be6 12. Nd5 Rb8 13. Nc2 b5 14. b4 axb4 15. axb4
cxb4 16. Ncxb4 Nxb4 17. Bxb4 Nc6 18. Ba3 bxc4 19. dxc4 Kh8 20. Rxb8 Qxb8 21. Nc3
Nd4 22. e3 Bxc4 23. exd4 exd4 24. Ne4 Bxf1 25. Bxf1 Rd8 26. Qf3 Qc7 27. Bd3 d5
28. Nd2 Ra8 29. Nb1 Qd7 30. Kg2 Qe6 31. Qd1 h5 32. h4 Bf6 33. Bc1 Kg8 34. Nd2
Qc6 35. Bb2 Qb6 36. Bc1 Qc6 37. Bb2 Rb8 38. Ba1 Qc5 39. Nf3 Rb4 40. Ne1 Qb6 41.
Qf3 Qe6 42. Nc2 Ra4 1/2-1/2

[Event "57th World Juniors 2018"]
[Site "Manavgat TUR"]
[Date "2018.09.10"]
[Round "6.23"]
[White "Percivaldi, Martin"]
[Black "Bellahcene, Bilel"]
[Result "1/2-1/2"]
[WhiteTitle "IM"]
[BlackTitle "GM"]
[WhiteElo "2376"]
[BlackElo "2501"]
[WhiteFideId "1508148"]
[BlackFideId "696358"]
[EventDate "2018.09.05"]

1. Nf3 Nf6 2. b3 d5 3. Bb2 g6 4. e3 Bg7 5. c4 c6 6. Be2 O-O 7. O-O Bg4 8. d4
Nbd7 9. cxd5 Nxd5 10. Nbd2 a5 11. h3 Bxf3 12. Nxf3 Re8 13. Qc2 e6 14. Rfd1 f5
15. Ne1 N7f6 16. Nd3 Ne4 17. Bf1 g5 18. Nc5 Nd6 19. e4 fxe4 20. Nxe4 Nf5 21. a3
h6 22. Rd2 Re7 23. Re1 Qf8 24. Rdd1 Nh4 25. Nc5 Qf7 26. Nd3 Qf5 27. Qe2 Rd8 28.
Qe4 Qxe4 29. Rxe4 Nf6 30. Re2 Nf5 31. Nc5 Kf7 32. Ree1 Nd5 33. Rd2 b6 34. Na4
Red7 35. Rc1 Rd6 36. g3 h5 37. Bg2 h4 38. Bxd5 exd5 39. g4 Ne7 40. Rd3 Rb8 41.
Rc2 Ng6 42. Bc1 Bf6 43. Be3 Bd8 44. Rdc3 Rc8 45. b4 axb4 46. axb4 Ke8 47. b5 Kd7
48. Bxg5 Ra8 49. Bxd8 Rxa4 50. Bxb6 cxb5 51. Rc7+ Ke6 52. Bc5 Rda6 53. Re2+ Kf6
54. Re3 Kg5 55. Rh7 Nf4 56. Rf3 Kg6 57. Rxh4 Rf6 58. Kh2 Ne2 59. Rh6+ Kxh6 60.
Rxf6+ Kg7 61. Rb6 Nc3 62. Kg3 Ne4+ 63. Kh4 Ra8 64. g5 Nxf2 65. Kg3 Ra2 66. h4
Ne4+ 67. Kg4 Rg2+ 68. Kf5 Rf2+ 69. Ke5 Rh2 70. Rh6 Ng3 71. Kf4 Ne4 72. Kf5 Rh1
73. Rb6 Rf1+ 74. Ke5 Rh1 75. Rb7+ Kg6 76. Rb6+ Kg7 77. Kxd5 Rxh4 78. Be7 Rg4 79.
Ke5 Nc3 80. Bf6+ Kg6 81. d5 b4 82. Rb8 Re4+ 83. Kd6 Rc4 84. Rg8+ Kf5 85. Rb8
Ne4+ 86. Ke7 Rc7+ 87. Kd8 Rc5 88. d6 Nxd6 89. Rxb4 Nf7+ 90. Kd7 1/2-1/2

[Event "57th World Juniors 2018"]
[Site "Manavgat TUR"]
[Date "2018.09.10"]
[Round "6.24"]
[White "Zou, Chen"]
[Black "Tang, Andrew"]
[Result "1-0"]
[WhiteTitle "FM"]
[BlackTitle "GM"]
[WhiteElo "2365"]
[BlackElo "2489"]
[WhiteFideId "8610959"]
[BlackFideId "2059630"]
[EventDate "2018.09.05"]

1. d4 d5 2. c4 e6 3. Nc3 Be7 4. Nf3 Nf6 5. Bf4 O-O 6. e3 b6 7. Rc1 Bb7 8. cxd5
Nxd5 9. Nxd5 Qxd5 10. a3 c5 11. dxc5 Bxc5 12. Qxd5 Bxd5 13. Bd3 a5 14. Ke2 Nd7
15. Rhd1 Rfc8 16. Ne5 Nf6 17. g4 Bb3 18. Rd2 Bf8 19. Ba6 Rxc1 20. Rd8 Rc2+ 21.
Kf1 h6 22. h4 Rc1+ 23. Kg2 Bd5+ 24. f3 Rc2+ 25. Kh3 Rxb2 26. g5 hxg5 27. hxg5
Nh7 28. Bd3 g6 29. e4 Bb3 30. Ng4 Ra2 31. Nh6+ Kg7 32. Be5+ f6 33. Rd7+ Kh8 34.
gxf6 Ng5+ 35. Kg3 Rd2 36. Rd8 Kh7 37. Rxf8 Rxd3 38. f7 1-0

[Event "57th World Juniors 2018"]
[Site "Manavgat TUR"]
[Date "2018.09.10"]
[Round "6.25"]
[White "Kevlishvili, Robby"]
[Black "Philippe, Guillaume"]
[Result "0-1"]
[WhiteTitle "IM"]
[BlackTitle "FM"]
[WhiteElo "2485"]
[BlackElo "2358"]
[WhiteFideId "1040634"]
[BlackFideId "36048763"]
[EventDate "2018.09.05"]

1. e4 c5 2. Nc3 a6 3. g3 b5 4. Bg2 Bb7 5. Nge2 e6 6. O-O Nf6 7. d3 d6 8. Be3 Nc6
9. h3 Be7 10. f4 O-O 11. g4 Nd7 12. Ng3 Nb6 13. Nce2 a5 14. g5 e5 15. h4 exf4
16. Nxf4 Ne5 17. Nf5 Re8 18. Qe1 d5 19. Rd1 Bf8 20. Qg3 Ra6 21. Nh5 dxe4 22.
dxe4 Qa8 23. Nd6 Bxd6 24. Rxd6 Bxe4 25. Bxe4 Qxe4 26. Bxc5 Nec4 27. Rdd1 Qg6 28.
Nf4 Qc6 29. Bd4 Nd7 30. Nh5 Nce5 31. Rde1 Qd5 32. Bxe5 Rxe5 33. Rd1 Qc5+ 34. Qf2
Nf8 35. Rd4 Qe7 36. Ng3 Rae6 37. Nf5 Qc7 38. Nd6 f6 39. gxf6 Rxf6 40. Qd2 Rg6+
41. Kh1 Ne6 42. Rd3 Qe7 43. Rh3 Rf6 44. Rxf6 Qxf6 45. Kg1 Nd4 0-1

[Event "57th World Juniors 2018"]
[Site "Manavgat TUR"]
[Date "2018.09.10"]
[Round "6.26"]
[White "Gavrilescu, David"]
[Black "Wadsworth, Matthew J"]
[Result "1/2-1/2"]
[WhiteTitle "FM"]
[BlackTitle "FM"]
[WhiteElo "2470"]
[BlackElo "2351"]
[WhiteFideId "1227190"]
[BlackFideId "415804"]
[EventDate "2018.09.05"]

1. e4 e6 2. d4 d5 3. Nd2 Nf6 4. e5 Nfd7 5. f4 c5 6. Ngf3 Nc6 7. Nb3 c4 8. Nbd2
h6 9. Be2 g5 10. Nf1 Be7 11. fxg5 hxg5 12. Ne3 f5 13. exf6 Nxf6 14. Nxg5 Qd6 15.
Nf3 Bd7 16. c3 O-O-O 17. g3 Ne4 18. Ng2 e5 19. dxe5 Nxe5 20. Nxe5 Qxe5 21. Bf4
Qe6 22. Qc2 Bd6 23. O-O-O Nf2 24. Bf3 Nxd1 25. Qxd1 Bxf4+ 26. Nxf4 Qe3+ 27. Kb1
Bf5+ 28. Ka1 Be4 29. Bg4+ Kb8 30. Re1 Qb6 31. Qd2 Rd6 32. h3 Rhd8 33. Ne2 Qf2
34. Rd1 Ka8 35. Qg5 Bf3 36. Bxf3 Qxf3 37. Qe5 d4 38. cxd4 Rxd4 39. Rb1 Qe4 40.
Qh5 Rd1 41. Nc3 Rxb1+ 42. Nxb1 a6 43. a3 Qc2 44. Nc3 Rf8 45. Nb1 Qb3 46. Qc5 Re8
47. g4 Re2 48. Qd4 Rc2 49. g5 Rc1 50. Qf4 Qd1 51. Qf8+ Ka7 52. Qc5+ Kb8 53. Qe5+
Kc8 54. Qf5+ Kd8 55. g6 Qf1 56. Qd5+ Kc7 57. Qc5+ Kd7 58. Qd4+ Ke6 59. Ka2 Qd1
60. Qb6+ Kf5 61. Qf2+ Kxg6 62. Qg3+ Kf6 63. Qf2+ Kg5 64. Qg3+ Kh5 65. Qf4 Qb3+
66. Ka1 Rd1 67. Qf5+ Kh6 1/2-1/2

[Event "57th World Juniors 2018"]
[Site "Manavgat TUR"]
[Date "2018.09.10"]
[Round "6.27"]
[White "Barseghyan, Harutyun"]
[Black "Tuncer, Tuna"]
[Result "1-0"]
[WhiteTitle "IM"]
[BlackTitle "FM"]
[WhiteElo "2466"]
[BlackElo "2342"]
[WhiteFideId "13304585"]
[BlackFideId "6349269"]
[EventDate "2018.09.05"]

1. d4 Nf6 2. c4 g6 3. Nc3 d5 4. Bf4 Bg7 5. e3 O-O 6. Rc1 Be6 7. c5 c6 8. Bd3 Bg4
9. Nge2 Nfd7 10. Bg5 f6 11. Bh4 e5 12. h3 Be6 13. O-O g5 14. Bg3 Qe8 15. e4 dxe4
16. Nxe4 Qe7 17. dxe5 f5 18. Nf6+ Nxf6 19. exf6 Qxf6 20. Bd6 Re8 21. Ng3 Bh8 22.
Re1 Nd7 23. Rxe6 Rxe6 24. Bxf5 Rxd6 25. cxd6 Nb6 26. Qh5 h6 27. Re1 Qxd6 28.
Be6+ Kh7 29. Qf7+ Bg7 30. Bf5+ Kh8 31. Re6 Rf8 1-0

[Event "57th World Juniors 2018"]
[Site "Manavgat TUR"]
[Date "2018.09.10"]
[Round "6.28"]
[White "Krishna Teja, N"]
[Black "Haldorsen, Benjamin"]
[Result "0-1"]
[WhiteTitle "IM"]
[BlackTitle "FM"]
[WhiteElo "2356"]
[BlackElo "2461"]
[WhiteFideId "5001498"]
[BlackFideId "1512633"]
[EventDate "2018.09.05"]

1. d4 d5 2. c4 e6 3. Nf3 Nf6 4. Bg5 Be7 5. e3 h6 6. Bh4 O-O 7. Nc3 b6 8. Bd3 Bb7
9. O-O Nbd7 10. Rc1 c5 11. cxd5 Nxd5 12. Bg3 cxd4 13. Nxd5 Bxd5 14. Nxd4 Nc5 15.
Bb1 Rc8 16. Qg4 f5 17. Qe2 Qd7 18. Rfd1 a5 19. f3 Qb7 20. e4 fxe4 21. fxe4 Nxe4
22. Bxe4 Rxc1 23. Rxc1 Bxe4 24. Nxe6 Rf7 25. Qb5 Kh7 26. Qh5 Bg6 27. Qe5 Bf6 28.
Qe2 Qd5 29. Rc8 Bf5 30. Re8 Bxe6 31. Bf2 Bf5 32. h4 0-1